000 00451nam a22001697a 4500
003 NUST - PNEC
005 20170116181108.0
008 151003b xxu||||| |||| 00| 0 eng d
020 _a-
040 _cLIBRARY
082 _a621.381959 INT
100 _912752
_aPozar, David
245 _aInteractive graphics utility for automated NEC analysis
_cDavid Pozar
260 _cc.1986
650 _912751
_aInteractive graphics
_xMIS
942 _2ddc
_cBK
999 _c69011
_d69011